Конспект лекций по высшей математике: полный курс

Bibliographische Detailangaben
1. Verfasser: Письменный Д. Т. Дмитрий Трофимович
Zusammenfassung:Настоящий курс лекций предназначен для всех категорий студентов высших учебных заведений, изучающих в том или ином объеме высшую математику. Книга содержит необходимый материал по всем разделам курса высшей математики (линейная и векторная алгебра, аналитическая геометрия, основы математического анализа), которые обычно изучаются студентами на первом и втором курсах вуза, а также дополнительные главы, необходимые при изучении специальных курсов (двойные, тройные, криволинейные и поверхностные интегралы, дифференциальные уравнения, элементы теории поля и теории функций комплексного переменного, основы операционного исчисления). Изложение теоретического материала по всем темам сопровождается рассмотрением большого количества примеров и задач, ведется на доступном, по возможности строгом языке. Пособие поможет студентам освоить курс высшей математики, подготовиться к сдаче зачетов и экзаменов по математическим дисциплинам.
Sprache:Russisch
Veröffentlicht: Москва, Айрис-Пресс, 2004
Ausgabe:2-е изд.
Schlagworte:
Format: MixedMaterials Buch
KOHA link:https://koha.lib.tpu.ru/cgi-bin/koha/opac-detail.pl?biblionumber=104426

MARC

LEADER 00000nam0a2200000 4500
001 104426
005 20231031114011.0
010 |a 581120583X 
035 |a (RuTPU)RU\TPU\book\112576 
090 |a 104426 
100 |a 20061101d2004 m y0rusy50 ca 
101 0 |a rus 
102 |a RU 
105 |a a j 000zy 
200 1 |a Конспект лекций по высшей математике  |e полный курс  |f Д. Т. Письменный 
205 |a 2-е изд. 
210 |a Москва  |c Айрис-Пресс  |d 2004 
215 |a 608 с.  |c ил. 
330 |a Настоящий курс лекций предназначен для всех категорий студентов высших учебных заведений, изучающих в том или ином объеме высшую математику. Книга содержит необходимый материал по всем разделам курса высшей математики (линейная и векторная алгебра, аналитическая геометрия, основы математического анализа), которые обычно изучаются студентами на первом и втором курсах вуза, а также дополнительные главы, необходимые при изучении специальных курсов (двойные, тройные, криволинейные и поверхностные интегралы, дифференциальные уравнения, элементы теории поля и теории функций комплексного переменного, основы операционного исчисления). Изложение теоретического материала по всем темам сопровождается рассмотрением большого количества примеров и задач, ведется на доступном, по возможности строгом языке. Пособие поможет студентам освоить курс высшей математики, подготовиться к сдаче зачетов и экзаменов по математическим дисциплинам. 
451 1 |0 (RuTPU)RU\TPU\book\114758  |y 5-8112-1778-1  |t Конспект лекций по высшей математике  |o полный курс  |f Д. Т. Письменный  |e 4-е изд.  |c М.  |n Айрис-Пресс  |d 2006  |p 604 с.  |s Высшее образование  |a Письменный, Дмитрий Трофимович 
610 1 |a высшая математика 
610 1 |a учебные пособия 
610 1 |a лекции 
610 1 |a линейная алгебра 
610 1 |a векторная алгебра 
610 1 |a аналитическая геометрия 
610 1 |a математический анализ 
610 1 |a комплексные числа 
610 1 |a неопределенные интегралы 
610 1 |a определенные интегралы 
610 1 |a функции нескольких переменных 
610 1 |a дифференциальные уравнения 
610 1 |a двойные интегралы 
610 1 |a тройные интегралы 
610 1 |a криволинейные интегралы 
610 1 |a поверхностные интегралы 
610 1 |a числовые ряды 
610 1 |a степенные ряды 
610 1 |a ряды Фурье 
610 1 |a интеграл Фурье 
610 1 |a теория поля 
610 1 |a функции комплексного переменного 
610 1 |a операционное исчисление 
675 |a 51(075.8)  |v 3 
700 1 |a Письменный  |b Д. Т.  |g Дмитрий Трофимович 
801 1 |a RU  |b 63413507  |c 20061101  |g PSBO 
801 2 |a RU  |b 63413507  |c 20210211  |g PSBO 
942 |c BK